000 00737nam a22001937a 4500
999 _c61820
_d61820
005 20240520123030.0
008 240520s2007 enk||||| |||| 00| 0 eng d
020 _a9781416032564x
041 _aeng
080 _a617.5 S-94
245 _aSurgery of the Liver, Biliary Tract and Pancreas:
_b2-Volume /
_cEditor Leslie H. Blumgart.
250 _a4th Edition
264 _aPhiladelphia :
_bSaunders,
_c2007.
300 _a1838 p.:
_bill.;
_c28 cm.
653 _aღვიძლის, სანაღვლე გზების და პანკრეასის ქირურგია
653 _aმედიცინა
700 _a Blumgart, Leslie H.
_eრედაქტორი
_922126
942 _2udc
_cᲬᲘᲒᲜᲘ